| 000 | 00686nam a2200217 i 4500 | ||
|---|---|---|---|
| 001 | bg | ||
| 100 | 1 | _aDZIAŁOCHA, Kazimierz | |
| 245 | 1 | 0 |
_aOrzecznictwo Trybunału Konstytucyjnego (1986-1993) : _bwybór, opracowanie, piśmiennctwo / _cKazimierz Działocha, Stanisław Pawela. _n[Cz. _n2. |
| 260 |
_aWarszawa : _bWydaw. Prawnicze "Iustitia", _c1996. |
||
| 300 |
_as. 593-1298 ; _c24 cm. |
||
| 650 | 9 |
_aOrzecznictwo _zPolska |
|
| 650 | 9 |
_aTrybunał konstytucyjny _zPolska |
|
| 700 | 1 | _aPAWELA, Stanisław | |
| 020 | _a8386307188 | ||
| 040 | _cBPK | ||
| 041 | 0 | _apl | |
| 080 | _a342.56(438) | ||
| 920 | _a83-86307-18-8 | ||
| 942 | _cKS | ||
| 008 | s pl f |000 0 pol | ||
| 999 |
_c30920 _d30920 |
||
| 856 |
_uhttp://koha.tu.koszalin.pl/cgi-bin/koha/opac-detail.pl?biblionumber=30920 _yKatalog online BPK |
||